000
00185 a2200097 4500
001
126827
040
_c
Escola Canadense de Niteroi
090
_a
MP
245
1
0
_a
Alphabet
942
_c
MATP
999
_c
126827
_d
126827